Diagnostic studies of a development subtropical cyclones over Eastren Mediterranean / (رقم التسجيلة. 8848)
[ عرض عادي ]
| 000 -LEADER | |
|---|---|
| fixed length control field | 016100000a22003490004500 |
| 003 - CONTROL NUMBER IDENTIFIER | |
| control field | EG-GICUC |
| 005 - DATE AND TIME OF LATEST TRANSACTION | |
| control field | 20250223025239.0 |
| 008 - FIXED-LENGTH DATA ELEMENTS--GENERAL INFORMATION | |
| fixed length control field | 080430s2007 ua d f m 000 0 eng d |
| 040 ## - CATALOGING SOURCE | |
| Original cataloging agency | EG-GICUC |
| Language of cataloging | eng |
| Transcribing agency | EG-GICUC |
| 041 0# - LANGUAGE CODE | |
| Language code of text/sound track or separate title | Eng |
| 049 ## - LOCAL HOLDINGS (OCLC) | |
| Holding library | Deposite |
| 097 ## - Thesis Degree | |
| Thesis Level | Ph.D |
| 099 ## - LOCAL FREE-TEXT CALL NUMBER (OCLC) | |
| Classification number | Cai01.12.01.Ph.D.2007.Mo.D |
| 100 0# - MAIN ENTRY--PERSONAL NAME | |
| Personal name | Mostafa Abdelgawad Donia |
| 245 10 - TITLE STATEMENT | |
| Title | Diagnostic studies of a development subtropical cyclones over Eastren Mediterranean / |
| Statement of responsibility, etc. | Mostafa Abdelgawad Donia ; Supervised Z.Metwally , A.M.Aesawy , M.M.Eissa |
| 246 15 - VARYING FORM OF TITLE | |
| Title proper/short title | دراسة تشخيصية لنمو المنخفضات الجوية تحت المدارية فوق منطقة شرق البحر المتوسط |
| 260 ## - PUBLICATION, DISTRIBUTION, ETC. | |
| Place of publication, distribution, etc. | Cairo : |
| Name of publisher, distributor, etc. | Mostafa Abdelgawad Donia , |
| Date of publication, distribution, etc. | 2007 |
| 300 ## - PHYSICAL DESCRIPTION | |
| Extent | 194Leaves : |
| Other physical details | charts ; |
| Dimensions | 30cm |
| 502 ## - DISSERTATION NOTE | |
| Dissertation note | Thesis (Ph.D.) - Cairo University - Faculty Of Science - Department Of Astronomy and Meteorology |
| 520 ## - SUMMARY, ETC. | |
| Summary, etc. | A diagnostic study for a case of a quasi - stationary upper cut off subropical cyclone initiated over North East Europe and then displaced towards south and persisted over Eastern Mediterranean.This case study was dominated for long period began from 27 Feb.till 15 Maech 1987 |
| 530 ## - ADDITIONAL PHYSICAL FORM AVAILABLE NOTE | |
| Additional physical form available note | Issued also as CD |
| 653 #4 - INDEX TERM--UNCONTROLLED | |
| Uncontrolled term | Energy sources |
| 653 #4 - INDEX TERM--UNCONTROLLED | |
| Uncontrolled term | Kinetic energy |
| 653 #4 - INDEX TERM--UNCONTROLLED | |
| Uncontrolled term | Synoptic |
| 700 0# - ADDED ENTRY--PERSONAL NAME | |
| Personal name | Ahmed Moselhy Aesawy , |
| Relator term | |
| 700 0# - ADDED ENTRY--PERSONAL NAME | |
| Personal name | Mohamed Mahmoud Eissa , |
| Relator term | |
| 700 0# - ADDED ENTRY--PERSONAL NAME | |
| Personal name | Zeen El abdeen Metwally , |
| Relator term | |
| 856 ## - ELECTRONIC LOCATION AND ACCESS | |
| Uniform Resource Identifier | <a href="http://172.23.153.220/th.pdf">http://172.23.153.220/th.pdf</a> |
| 905 ## - LOCAL DATA ELEMENT E, LDE (RLIN) | |
| Cataloger | Mustafa |
| Reviser | Revisor |
| 905 ## - LOCAL DATA ELEMENT E, LDE (RLIN) | |
| Cataloger | Nazla |
| Reviser | Cataloger |
| 942 ## - ADDED ENTRY ELEMENTS (KOHA) | |
| Source of classification or shelving scheme | Dewey Decimal Classification |
| Koha item type | Thesis |
| Source of classification or shelving scheme | Not for loan | Home library | Current library | Date acquired | Full call number | Barcode | Date last seen | Koha item type | Copy number |
|---|---|---|---|---|---|---|---|---|---|
| Dewey Decimal Classification | المكتبة المركزبة الجديدة - جامعة القاهرة | قاعة الرسائل الجامعية - الدور الاول | 11.02.2024 | Cai01.12.01.Ph.D.2007.Mo.D | 01010110048809000 | 22.09.2023 | Thesis | ||
| Dewey Decimal Classification | المكتبة المركزبة الجديدة - جامعة القاهرة | مخـــزن الرســائل الجـــامعية - البدروم | 11.02.2024 | Cai01.12.01.Ph.D.2007.Mo.D | 01020110048809000 | 22.09.2023 | CD - Rom | 48809.CD |